| 000 | 00767cam a22002653a 4500 | ||
|---|---|---|---|
| 001 | 26080 | ||
| 003 | PGUSA | ||
| 005 | 20140828083548.0 | ||
| 008 | 080717s2008||||xxu|||||s|||||000 1 eng d | ||
| 040 |
_aPGUSA _beng |
||
| 042 | _adc | ||
| 050 | 4 | _aPS | |
| 100 | 1 | _aDodge, Henry Irving | |
| 245 | 1 | 0 |
_aSkinner's Dress Suit _h[electronic resource] / _cHenry Irving Dodge |
| 260 |
_bProject Gutenberg, _c2008 |
||
| 506 | _aPublic domain in the USA. | ||
| 516 | _aElectronic text | ||
| 653 | _aMarried people -- Fiction | ||
| 653 | _aClerks -- Fiction | ||
| 653 | _aSuits (Clothing) -- Fiction | ||
| 700 | 1 |
_aWilson, F. Vaux _q(Francis Vaux), _d1874-1938 |
|
| 830 | 0 |
_aProject Gutenberg _v26080 |
|
| 856 | 4 | 0 | _uhttp://www.gutenberg.org/ebooks/26080 |
| 942 | _cEB | ||
| 999 |
_c255335 _d255335 |
||